1281 1043 1086 1129 1420 1167 1468 1030 1919 1380 1672 1119 1361 1236 1098 1533 1821 1577 1396 1221 1954 1502 1639 1005 1454 1837 1291 1674 1599 1481 1348 1077 1590 1076 1360 1802 1685 1735 1838 1882 1127 1418 1675 1069 1002 1973 1565 1520 1704 1140 1893 1377 1246 1902 1854 1375 1502 1398 1886 1451 1018 1239 1473 1739 1356 1240 1823 1827 1730 1153 1511 1564 1322 1190 1430 1096 1064 1032 1095 1714 1652 1700 1571 1543 1254 1884 1224 1779 1409 1755 1611 1287 1187 1212 1092 1734 1880 1218 1960 BCNSPRNW ULIB Ver.6.0+V

เปลี่ยนเป็นภาษาไทย

Change to English
 แสดงรายละเอียดบรรณานุกรม
  กลับหน้าหลัก

Brief Record : Get Marc (ISO 2709) : E-mail record : QR code < ปิดหน้าต่าง
LEADER : 00000nam 2200000uu 4500
001    13399112419
003     ULIB
008    110815s2549||||th 000 0 tha d
020    9749995791
020    9789749995792
040    bcr
050  4 HM251^bจ631จ 2549
100 0  จุฑารัตน์ เอื้ออำนวย
245 10 จิตวิทยาสังคม /^cจุฑารัตน์ เอื้ออำนวย
250    พิมพ์ครั้งที่ 2
260    กรุงเทพฯ :^bสำนักพิมพ์แห่งจุฬาลงกรณ์มหาวิทยาลัย,^c2549
300    275 หน้า ;^c21ซม.
650  4 จิตวิทยาสังคม
945    ^p150^l0^i020027
945    ^p150^l0^i022283
945    ^p150^l0^i022284
945    ^p150^l0^i023155
995    ทศพร
999 ^a ทศพร
รายการนี้ยังไม่มีแท็ก
คุณยังไม่ได้ล็อกอิน คุณสามารถมีกิจกรรมร่วมกับเว็บไซต์ได้ แต่ต้องล็อกอินก่อน ::
  ล็อกอิน

รายการสื่อสารสนเทศ

ลำดับที่ ประเภท เลขเรียก/บาร์โค้ด สถานที่ สถานะ
- ไม่พบข้อมูล -

รายการใกล้เคียง
    ผู้แต่ง [จุฑารัตน์ เอื้ออำนวย]

    หัวเรื่อง [จิตวิทยาสังคม]

BibComment


ยังไม่เคยถูกคอมเมนท์

คอมเมนท์ทรัพยากรรายการนี้
  คอมเมนท์: จิตวิทยาสังคม จุ..


 Copyright 2026. Bcnsprnw @Library